000 01082nam a22003617a 4500
001 BR8107857
003 BR-BrBNA
005 20230928091129.0
007 ta
008 230509b bl.||||| |||| 00| 0 por d
040 _aBR-BrBNA
_bpor
_cBiblioteca Nacional de Agricultura
041 _a(Por)
072 _aK20; K10
_b/G514
090 _ K20 BR8107857
100 1 _aCarneiro, C.M.R.
100 1 _aLorensi, C.J.
100 1 _aDaros, L.L.
100 1 _aBarbosa, M.P. dos S.
100 1 _aMoreira, M. de L.
100 1 _aPereira, M.T.
100 1 _aAlmeida, S.A. de O.
100 1 _aQueiroz, E.C. de
110 1 _aInstituto Brasileiro de Desenvolvimento Florestal, Brasilia, DF. Depto. de Economia Florestal
_95737
245 1 _aRelatorio tecnico do Distrito Federal, sub-projeto-reflorestamento [Brasil]
260 3 _aBrasilia, DF (Brasil):
_c1981.
300 _a90 p.
500 _a24 illus.; 4 tables
650 _aINVENTARIO FLORESTAL
650 _aDISTRITO FEDERAL
650 _aREFLORESTAMENTO
909 _a202309
_bLucia
_c55
_dLucia Elande
942 _cBK
999 _c32380
_d32380